000 00496nam a2200181 i 4500
001 68103
003 ES-MaACL
005 20230906170215.0
007 t|
008 040610s1972 sp ||||1| spa d
100 1 _aGanzo, Julio.
_953894
245 1 4 _aLos campeones mundiales de ajedrez /
_cJulio Ganzo.
250 _a2ยช ed., act.
260 _aMadrid :
_bAguilera,
_c[1972]
300 _a377 p. :
_bil. ;
_c21 cm.
650 4 _aAjedrecistas.
_9168423
852 _aES-MaACL
_jC-52000
_bR.85140
999 _c68103
_d68103